| 000 | 00331nam a22001337a 4500 | ||
|---|---|---|---|
| 008 | 180119b xxu||||| |||| 00| 0 eng d | ||
| 020 | _a9780132599863 | ||
| 041 | _aeng | ||
| 080 |
_26 ed _a37 |
||
| 100 | _a46 | ||
| 101 | _aedu | ||
| 245 |
_aeducational research fundamentals for the consumer _cjames.h.m |
||
| 942 |
_2udc _cBK |
||
| 999 |
_c40529 _d40529 |
||